| 000 | 00000nam 2200000za 4500 |
| 001 | 9.697349 |
| 003 | CaOODSP |
| 005 | 20221107134521 |
| 007 | cr ||||||||||| |
| 008 | 150407s2006 onc||||#o f00| 0 eng d |
| 040 | |aCaOODSP|beng |
| 043 | |an-cn--- |
| 086 | 1 |aA22-563/2006E-PDF |
| 086 | 1 |aA22-561/2006E-PDF |
| 245 | 00|aCanada's fourth progress report on food security in response to the World Food Summit plan of action |h[electronic resource] |
| 260 | |a[Ottawa] : |bAgriculture and Agri-Food Canada,|c2006. |
| 300 | |a55p.|btables |
| 520 | |aFollow up of the Implementation of the World Food Summit Plan of Action. This is Canada's Fourth Report to the United Nations Food and Agriculture Organization (FAO) highlighting some of the many initiatives Canada has undertaken over the last two years to achieve the Summit's goal. |
| 590 | |a13-05-Supp|b2013-02-27 |
| 690 | 07|aFood supply|2gcpds |
| 690 | 07|aHunger|2gcpds |
| 710 | 1 |aCanada. |bAgriculture and Agri-Food Canada. |
| 775 | 08|tQuatrième rapport d'étape du Canada sur la sécurité alimentaire en réponse au Plan d'action du Sommet mondial de l'alimentation |w(CaOODSP)9.641403 |
| 856 | 40|ahttp://publications.gc.ca|qPDF|s645 KB|uhttps://publications.gc.ca/collections/collection_2013/aac-aafc/A22-563-2006-eng.pdf |